South Africa National Football Team - Statistics

General Stats
  • This quiz has been taken 22 times
  • The average score is 4 of 16
Answer Stats
Goals Caps Player % Correct
12 90 Siphiwe Tshabalala
88%
31 81 Benni McCarthy
69%
1 107 Aaron Mokoena
31%
2 70 Lucas Radebe
31%
23 73 Bernard Parker
19%
16 52 Percy Tau
19%
10 72 Delron Buckley
13%
0 91 Itumeleng Khune
13%
8 73 John Moshoeu
13%
23 53 Katlego Mphela
13%
18 58 Phil Masinga
13%
29 74 Shaun Bartlett
13%
13 67 Sibusiso Zuma
13%
16 82 Siyabonga Nomvethe
13%
12 51 Themba Zwane
13%
13 41 Tokelo Rantie
13%
No matching quizzes found
Score Distribution
Percent of People with Each Score
Percentile by Number Answered
Your Score History
You have not taken this quiz